| 000 | 00577nam a2200205Ia 4500 | ||
|---|---|---|---|
| 003 | IIN | ||
| 005 | 20240209161048.0 | ||
| 008 | 231217s9999 xx 000 0 und d | ||
| 020 |
_cRs.640.00 _a9788131243770 |
||
| 040 |
_aIIN _bEnglish |
||
| 082 |
_a610.73677 _bSON |
||
| 100 | 1 | _aSonia, Lizy | |
| 245 | 1 |
_aMedical-Surgical Nursing : _bPrep Manual for Undergraduates / _cLizy Sonia and Shaina Sharma |
|
| 260 |
_bElsevier _aNew Delhi _c2016 |
||
| 300 | _axii, 398 p. | ||
| 440 | _vVol.2 | ||
| 650 | 1 |
_aMedical Surgical _vNursing |
|
| 700 | 1 | _aSharma, Shaina | |
| 942 | _cBOOK | ||
| 999 |
_c533 _d533 |
||